| 000 | 00544nam a2200205Ia 4500 | ||
|---|---|---|---|
| 003 | GCL | ||
| 008 | 140319s9999 xx 000 0 eng d | ||
| 040 |
_aGCL / _cGCL |
||
| 082 | 0 | 4 |
_a792.1 _bM N |
| 100 | 1 | _aابن مقدار القرطبى | |
| 245 | 1 | 0 |
_aNOH / _cابن مقدار القرطبى |
| 700 | 1 | _aMARUOKQ,DAIJI | |
| 700 | 1 | _aYOSHIKOSHI, TATSUO | |
| 260 |
_a[S.N] : _bHOIKUSHQ PUBLISING CO. ، _c1992 |
||
| 300 | _a128P | ||
| 650 | 0 | 4 | _aJAPAN - CULTURE |
| 650 | 0 | 4 | _aJAPAN - DRAMA |
| 650 | 0 | 4 | _aJAPAN - ART |
| 942 |
_2ddc _cBK |
||
| 999 |
_c12117 _d12117 |
||